MARC details
| 000 -CABECERA |
| campo de control de longitud fija |
01899cas a2200325 i 4500 |
| 001 - NÚMERO DE CONTROL |
| campo de control |
000037314 |
| 003 - IDENTIFICADOR DEL NÚMERO DE CONTROL |
| campo de control |
DO-SdBNP |
| 005 - FECHA Y HORA DE LA ÚLTIMA TRANSACCIÓN |
| campo de control |
20260120094650.0 |
| 007 - CAMPO FIJO DE DESCRIPCIÓN FÍSICA--INFORMACIÓN GENERAL |
| campo de control de longitud fija |
ta |
| 008 - DATOS DE LONGITUD FIJA--INFORMACIÓN GENERAL |
| campo de control de longitud fija |
120323c2009 dr qr1p|dd || |0spa d |
| 040 ## - FUENTE DE LA CATALOGACIÓN |
| Centro catalogador/agencia de origen |
DO-SdBNP |
| Lengua de catalogación |
spa |
| Centro/agencia transcriptor |
BNPHU |
| Normas de descripción |
rda |
| 041 ## - CÓDIGO DE LENGUA |
| Código de lengua original |
spa |
| 043 ## - CÓDIGO DE ÁREA GEOGRÁFICA |
| Código de área geográfica |
nwdr |
| 130 0# - ENTRADA PRINCIPAL--TÍTULO UNIFORME |
| Título uniforme |
Saber vivir (Santo Domingo, República Dominicana) |
| 9 (RLIN) |
63767 |
| 245 00 - MENCIÓN DE TÍTULO |
| Título |
Saber vivir / |
| Mención de responsabilidad, etc. |
Centro Cuesta Nacional. |
| 264 ## - PRODUCCIÓN, PUBLICACIÓN, DISTRIBUCIÓN, FABRICACIÓN Y COPYRIGHT |
| Producción, publicación, distribución, fabricación y copyright |
Santo Domingo, República Dominicana : |
| Nombre del de productor, editor, distribuidor, fabricante |
Asalvo Comunicación, |
| Fecha de producción, publicación, distribución, fabricación o copyright |
2009-. |
| 300 ## - DESCRIPCIÓN FÍSICA |
| Extensión |
volumen : |
| Otras características físicas |
ilustraciones, fotografías ; |
| Dimensiones |
29 cm. |
| 310 ## - PERIODICIDAD ACTUAL |
| Periodicidad actual |
Bimestral. |
| 336 ## - TIPO DE CONTENIDO |
| Término de tipo de contenido |
texto |
| Código de tipo de contenido |
txt |
| Fuente |
rdacontent |
| 337 ## - TIPO DE MEDIO |
| Nombre/término del tipo de medio |
sin mediación |
| Código del tipo de medio |
n |
| Fuente |
rdamedia |
| 338 ## - TIPO DE SOPORTE |
| Nombre/término del tipo de soporte |
volumen |
| Código del tipo de soporte |
nc |
| Fuente |
rdacarrier |
| 362 1# - FECHAS DE PUBLICACIÓN Y/O DESIGNACIÓN SECUENCIAL |
| Fecha de publicación y/o designación secuencial |
Inicia con: No. 1 (2009). |
| 500 ## - NOTA GENERAL |
| Nota general |
Descripción basada en : No. 1 (2009). |
| 520 ## - SUMARIO, ETC. |
| Sumario, etc. |
Revista institucional del Centro Cuesta Nacional (CCN) que enseña a los lectores a convivir con mayor calidad, a cuidar su salud, su entorno y su bienestar físico y mental. Surge con la idea de desarrollar un medio de comunicación directo con los clientes, que abarca diferentes temas de su diario vivir, colaborando de forma directa con su desarrollo social y familiar, brindando soluciones a sus situaciones diarias. El atractivo de la revista se basa en la combinación de entretenimiento, con útiles consejos en tono amistoso, adornado con atrayentes imágenes, reportajes que dan pistas sobre alimentación, cocina sana, moda, familia e información de interés (http://diariosocialrd.com/lanzamientos/ccn-relanza-revista-saber-vivir/6220/html/). |
| 650 24 - PUNTO DE ACCESO ADICIONAL DE MATERIA--TÉRMINO DE MATERIA |
| Término de materia o nombre geográfico como elemento de entrada |
Vida y salud |
| Subdivisión de forma |
Publicaciones periódicas |
| Subdivisión geográfica |
República Dominicana |
| 9 (RLIN) |
63768 |
| 650 24 - PUNTO DE ACCESO ADICIONAL DE MATERIA--TÉRMINO DE MATERIA |
| Término de materia o nombre geográfico como elemento de entrada |
Bienestar |
| Subdivisión de forma |
Publicaciones periódicas |
| Subdivisión geográfica |
República Dominicana |
| 9 (RLIN) |
63769 |
| 651 #4 - PUNTO DE ACCESO ADICIONAL DE MATERIA--NOMBRE GEOGRÁFICO |
| Nombre geográfico |
República Dominicana |
| Subdivisión de forma |
Publicaciones periódicas |
| 9 (RLIN) |
25092 |
| 710 2# - PUNTO DE ACCESO ADICIONAL--NOMBRE DE ENTIDAD CORPORATIVA |
| Nombre de entidad corporativa o nombre de jurisdicción como elemento de entrada |
Centro Cuesta Nacional |
| 9 (RLIN) |
63770 |
| 942 ## - ELEMENTOS DE PUNTO DE ACCESO ADICIONAL (KOHA) |
| Fuente del sistema de clasificación o colocación |
Dewey Decimal Classification |
| Tipo de ítem Koha |
Publicación periódica |